000 00666nam a2200277Ia 4500
005 20260324141853.0
008 008 260324s9999 xx 000 0 eng d
020 _a9780203442296
037 _aEBOOK
040 _aCRL
040 _beng
040 _cCRL
041 _2eng
041 _aeng
084 _qCRL
100 _aLorna Weatherill
_91209825
245 0 _aConsumer Behaviour and Material Culture in Britain, 1660-1760
260 _bTaylor and Francis
260 _c1996
365 _a
365 _b230
856 _uhttp://www.taylorfrancis.com/books/9780203442296
942 _cEBOOK
999 _c1813366
_d1813366